| 000 | 00764nam1a2200253 i 4500 | ||
|---|---|---|---|
| 001 | RU\NLR\ONL1\19434 | ||
| 005 | 20241118140401.0 | ||
| 035 | _a(NLR Aleph) 009648170 | ||
| 090 |
_a9568477 _c9568477 |
||
| 100 | _a20120326d19291930m||y0rusy50 ca | ||
| 101 | 0 | _akom | |
| 102 | _aRU | ||
| 105 | _ay ||||||||| | ||
| 200 | 1 |
_aПолитграмотаö велöдан њига _fБ. Ольховой |
|
| 210 |
_aСыктывкар _cКоми њига ледз. _d1929-1930 |
||
| 215 | _d22 | ||
| 541 | 1 |
_aУчебник для деревенских партшкол _zrus |
|
| 686 | 1 | _aФ61(2)51 | |
| 700 | 1 |
_aОльховой _bБ. _4070 |
|
| 801 | 0 |
_aRU _bNLR _c20120326 _gPSBO |
|
| 852 |
_aNLR _jКоми-з./3-1774 |
||
| 852 |
_aNLR _bОНЛ |
||
| 942 | _cBOOK | ||